000 00490nam a2200145 a 4500
001 000029022
005 20200930055300.0
008 110413s2006 dr 000 0 spa d
040 _aDO-SdBNP
_bspa
_cBNPHU
245 0 0 _aDiez años de datos climáticos del valle de San Juan 1993-2002 /.
260 _aSanto Domingo,
_aSanto Domingo :
_bIDIAF,
_c2006.
300 _a18 p. :
_bil. ;
_c23 cm.
710 2 _aInstituto Dominicano de Investigaciones Agropecuarias y Forestales
_9299
049 _aBNPD
999 _c28514
_d28514